01072nam a2200241 i 4500003000900000005001700009007000300026008004100029040003000070041001300100082001300113245008100126246012500207264007500332300004000407336002700447337003300474338002800507546004600535700004200581740009900623740010800722DO-SdBNP20240301083527.0ta240301s2013 dr o 000 0 spa d aDO-SdBNPbspacBNPHUerda17aspaheng 4222bT85600aTropicalia :bRepública Dominicana /cmensaje Adriana Cisneros de Griffin aTropicalia República Dominicana :breporte de sostenibilidad corporativa 2012 = corporate sustainability report 2012 / 1aSanto Domingo :bFundación Tropicalia,bFundación Cisneros,c2013. a37 páginasbfotografíasc26 cm. 2rdacontentatextobtxt 2rdamediaasin mediaciónbn 2rdacarrieravolumenbnc aTexto en español, inglés y francés.1 aCisneros de Griffin, Adrianaemensaje0 aThe great change : the social and economic transformation of the Dominican Republic, 1963-20130 aLe grand changement : la transformation sociale et économique de la Republique Dominicaine, 1963-2013